[Event "Gelsenkirchen Silvester op 5th"]
[Site "Gelsenkirchen"]
[Date "2017.12.27"]
[Round "2"]
[White "Gausmann, Thomas"]
[Black "Raabe, Stefan"]
[Result "1/2-1/2"]
[WhiteElo "1618"]
[BlackElo "1864"]
[PlyCount "62"]
[EventDate "2017.12.27"]
[EventType "swiss"]
[EventRounds "5"]
[EventCountry "GER"]
[SourceTitle "CBM 182 Extra"]
[Source "ChessBase"]
[SourceDate "2018.02.23"]
[SourceVersion "1"]
[SourceVersionDate "2018.02.23"]
[SourceQuality "1"]

1. e4 c5 2. Nc3 Nc6 3. f4 e6 4. Nf3 d5 5. Bb5 a6 6. Bxc6+ bxc6 7. 0-0 g6 8. d3 Bg7 9. Qe1 Ne7 10. Qh4 Rb8 11. f5 exf5 12. Bh6 0-0 13. Bxg7 Kxg7 14. b3 f6 15. e5 Ng8 16. Qg3 Rb7 17. Rae1 Qa5 18. Na4 c4 19. dxc4 dxc4 20. exf6+ Nxf6 21. Re5 Qd8 22. Rfe1 Ne4 23. Qf4 cxb3 24. cxb3 Qf6 25. Nc5 Nxc5 26. Rxc5 Rb5 27. Qc7+ Rf7 28. Qxc6 Qxc6 29. Rxc6 Bb7 30. Rc3 Be4 31. Ng5 Re7 1/2-1/2